[Event "Chigorin Memorial 28th"]
[Site "St Petersburg"]
[Date "2021.10.24"]
[Round "2"]
[White "Badalian, Tigran"]
[Black "Siniauski, Artsiom"]
[Result "0-1"]
[WhiteElo "1730"]
[BlackElo "2320"]
[PlyCount "66"]
[EventDate "2021.10.23"]
[EventType "swiss"]
[EventRounds "9"]
[EventCountry "RUS"]
[SourceTitle "EXT 2023"]
[Source "ChessBase"]
[SourceDate "2022.10.05"]
[SourceVersion "1"]
[SourceVersionDate "2022.10.05"]
[SourceQuality "1"]

1. Nf3 Nf6 2. c4 b6 3. d4 e6 4. Nc3 Bb4 5. Bg5 Bb7 6. a3 Bxc3+ 7. bxc3 h6 8. Bh4 g5 9. Bg3 Ne4 10. e3 Nxc3 11. Qc2 Ne4 12. Bd3 Nxg3 13. hxg3 Qe7 14. Rh5 Bxf3 15. gxf3 Nc6 16. Be4 Qd6 17. Qc3 0-0-0 18. c5 Qe7 19. cxb6 cxb6 20. Bxc6 dxc6 21. Qxc6+ Kb8 22. Kf1 Rc8 23. Qe4 Qc7 24. Kg2 Qc3 25. Rhh1 Rhd8 26. Qh7 g4 27. fxg4 Qc6+ 28. f3 Qc3 29. Qe4 Qd2+ 30. Kh3 Rc2 31. f4 Rd5 32. Rad1 Qe2 33. Rde1 Rh5+ 0-1

[Event "Chigorin Memorial 27th"]
[Site "St Petersburg"]
[Date "2019.10.06"]
[Round "2"]
[White "Kryakvin, Dmitry"]
[Black "Badalian, Tigran"]
[Result "1-0"]
[WhiteElo "2610"]
[BlackElo "1574"]
[PlyCount "43"]
[EventDate "2019.10.05"]
[EventType "swiss"]
[EventRounds "9"]
[EventCountry "RUS"]
[SourceTitle "EXT 2020"]
[Source "ChessBase"]
[SourceDate "2019.10.17"]
[SourceVersion "1"]
[SourceVersionDate "2019.10.17"]
[SourceQuality "1"]

1. d4 d5 2. c4 e6 3. Nc3 Nf6 4. Nf3 h6 5. Bf4 Bd6 6. Bg3 dxc4 7. e3 0-0 8. Bxc4 a6 9. Qe2 Nbd7 10. e4 Bb4 11. 0-0 b5 12. Bd3 Bxc3 13. bxc3 Nb6 14. Bh4 Bb7 15. e5 Bxf3 16. Qxf3 g5 17. exf6 Nd5 18. Bxg5 hxg5 19. Qh5 Nxf6 20. Qxg5+ Kh8 21. Qh6+ Kg8 22. Rae1 1-0